000 00369 a2200169 4500
001 186684
020 _a85-08-07161-2
040 _cMagnum
100 _aJoly, Fanny
240 1 0 _aUm bebê? que idéia maluca!
_lpor
245 1 0 _aUm bebê? que idéia maluca!
300 _a46
362 0 _a1991
440 1 _aÁtica
697 _aLITERATURA INFANTO
942 _cBK
999 _c186684
_d186684